000
00284nam a22001337a 4500
003
SGT
082
_a
340,RAM
100
_a
RAMAMURTI , M
245
_a
LAW OF ADVERSE POSSESSION
260
_a
NEW DELHI
_b
LAW HOUSE
_c
2014
300
_a
870
650
_a
LAW BOOKS
942
_2
ddc
_c
BK
999
_c
10136
_d
10136